000 00333nam a22001457a 4500
008 250417b ||||| |||| 00| 0 eng d
020 _a9789951058209
041 _aSHQIP
080 _22023
_a82AUR
082 _282AUR
_a82AUR
100 _a01
101 _aGJUHE SHQIPE
245 _aMEDITIMET
_cMARCUS AURELIUS
942 _2udc
_cBK
999 _c60664
_d60664